| 000 | 00649nam a22001937a 4500 | ||
|---|---|---|---|
| 005 | 20251108164322.0 | ||
| 008 | 250721s1981 xx 000 0 ara d | ||
| 082 | 1 | 4 | _a418.24/عبد |
| 100 | 1 | _aأمين، عبد القادر حسن | |
| 245 | 1 | 0 |
_aاللغة العربية لغير أقسام الإختصاص : _bالصف الثاني / |
| 264 | 1 |
_aبغداد : _bوزارة التعليم العالي، _c1981. |
|
| 300 | _a184ص | ||
| 650 | 1 | 7 | _aاللغة العربية |
| 650 | 1 | 7 | _aالتعلم |
| 700 | 1 | _aآل ياسين، محمد حسين | |
| 700 | 1 | _aالتميمي، قحطان رشيد | |
| 942 |
_2ddc _cBK |
||
| 999 |
_c9195 _d9195 |
||